000 00313nam a22001337a 4500
008 181101b xxu||||| |||| 00| 0 eng d
020 _a9780323020497
041 _aeng
080 _26th
_a610
100 _a4
101 _aSHM
245 _aDiagnostic and Laboratory Test Reference
_cGaul,P.J
942 _2udc
_cBK
999 _c51481
_d51481